Cold War Personalities - Statistics

General Stats
  • This quiz has been taken 61 times
  • The average score is 53 of 130
Answer Stats
Country Activity Answer % Correct
President of the U. S. (1963-1969) Lyndon Johnson
86%
General Secretary of China (1949-1979) Mao Zedong
84%
Dictator of Uganda (1971-1979) Idi Amin
80%
Dictator of North Korea (1948-1994) Kim Il Sung
78%
President of North Vietnam (1945-1973) Ho Chi Minh
76%
President of the U. S. (1977-1981) Jimmy Carter
76%
General Secretary (1985-1989) and President (1989-1991) of USSR Mikhail Gorbachev
76%
President of the U. S. (1969-1974) Richard Nixon
76%
President of the U. S. (1977-1989) Ronald Reagan
76%
Dictator of Cuba (1959-2008); Revolutionary Fidel Castro
73%
President of the U. S. (1974-1977) Gerald Ford
73%
President of the U. S. (1945-1953) Harry Truman
73%
First Lady of the U. S. (1961-1963); Wife of U. S. President and Greek billionaire Jacqueline Kennedy
73%
Social activist, fighter for the rights; read "I Have a Dream'' speech Martin Luther King Jr.
73%
Astronaut; one of two first men on the Moon Neil Armstrong
73%
General Secretary of USSR (1924-1953) Joseph Stalin
71%
Anti-Apartheid activist; first black president of South Africa (1994-1999) Nelson Mandela
71%
Revolutionary, military; communist idol Che Guevara
69%
Queen of the U. K. (1952-2022) Elizabeth II
69%
Prime Minister of India (1966-1977; 1980-1984); daughter of the first Prime Minister of India Indira Gandhi
69%
President of the U. S. (1961-1963) John Kennedy
69%
President and leader of Yugoslavia (1945-1980); founder of Non-aligned movement Josip Broz Tito
69%
Leader of Independence movement of India, supporter of nonviolent resistance Mahatma Gandhi
69%
Leader of Libya (1967-2011); Military personnel Muammar Gaddafi
67%
Prime Minister of the U. K. (1940-1945; 1951-1955) Winston Churchill
67%
Emperor of Japan (1926-1989) Hirohito
65%
Musician; The Beatles soloist John Lennon
63%
President of the U. S. (1953-1961) Dwight Eisenhower
61%
Caudillo of Spain (1936-1975) Francisco Franco
61%
President of the U. S. (1989-1993) George H. W. Bush
59%
General Secretary of USSR (1953-1964) Nikita Khrushchev
59%
Dictator of Iraq (1979-2003); untied the Iran-Iraq War and Gulf War Saddam Hussein
59%
Leader of China (1976-1989) Deng Xiaoping
57%
President of Egypt and United Arab Republic (1956-1970) Gamal Nasser
57%
Pope (1978-2005) John Paul II
57%
Republican senator, anti-communist, the McCarthyism ideologue Joseph McCarthy
57%
General Secretary of USSR (1964-1982) Leonid Brezhnev
57%
Cosmonaut; First man in space Yuri Gagarin
57%
Physicist, emigrant; created the theory of relativity, warned against the nuclear war Albert Einstein
55%
Prime Minister of Canada (1968-1984) Pierre Trudeau
55%
President of Egypt (1970-1981) Anwar Sadat
53%
Military, Dictator of Chile (1973-1990) Augusto Pinochet
53%
Military; President of France (1959-1969) Charles de Gaulle
53%
Emperor of Ethiopia (1930-1974) Haile Selassie I
53%
Dictator of Panama (1983-1989) Manuel Noriega
51%
Prime Minister of the U. K (1979-1990) Margaret Thatcher
51%
Prime Minister of Kampuchea (1976-1979); perpetrator of genocide in Kampuchea Pol Pot
51%
President of Russian SFSR (1990-1991) Boris Yeltsin
49%
Dictator of China (1928-1975); Leader of Kuomintang Party Chiang Kai-Shek
49%
King of the U. K. (1936-1952) George VI
49%
Syrian dictator (1970-2000) Hafez Assad
49%
Military; Dictator of South Korea (1962-1979) Park Chung Hee
49%
Royalty, goodwill ambassador, "Queen of Hearts"; ex-wife of Charles III Princess Diana
49%
Chairman of Palestinian Liberation Organization (1969-2004) Yasser Arafat
49%
President of the Philippines (1965-1986); dictator Ferdinand Marcos
47%
Leader of the Islamic Revolution; Ayatollah of Iran (1979-1989) Ruhollah Khomeini
47%
President of France (1981-1995) François Mitterrand
45%
Only Prime Minister-woman of Israel (1960-1974) Golda Meir
45%
Social activist, fighter for rights; she refused to give up the seat in the bus Rosa Parks
45%
Diplomat, SecState of U. S.; Nobel Peace Prize Laureate Henry Kissinger
43%
Social activist, dissident, leader of Solidarity movement Lech Walęsa
43%
"Virtuous" nun, social and religious figure Mother Teresa
43%
Drug lord, criminal, head of the Medellin cocain cartel Pablo Escobar
43%
President of Chile (1970-1973); socialist Salvador Allende
43%
President of Indonesia (1967-1998); dictator Suharto
43%
Chancellor of FRG (1969-1974) Willy Brandt
41%
Anti-Apartheid activist; archbishop; Nobel Peace Prize Laureate Desmond Tutu
39%
Dictator of Cuba (1940-1944; 1952-1959) Fulgensio Batista
39%
Prime Minister of India (1947-1964); "father" of independent India Jawaharlal Nehru
39%
President of Indonesia (1945-1966); Leader of Indonesian Independence Movement Sukarno
39%
Prime Minister of Israel (1974-1977; 1992-1995) Yitzhak Rabin
39%
General Secretary of USSR (1983-1984) Yuri Andropov
39%
Dictator of Albania (1944-1985) Enver Hoxha
37%
Chancellor of FRG (1982-1998) Helmut Kohl
37%
Astronaut; one of two first men on the Moon Buzz Aldrin
35%
Social activist, dissident, anti-communist; President of Czechoslovakia (1989-1993) Václav Havel
35%
President of Argentina (1946-1955; 1973-1974) Juan Peron
33%
Shah of Iran (1941-1979) Mohammad Reza Pahlavi
33%
Prime Minister of the U. K (1955-1957) Anthony Eden
31%
Prime Minister of Portugal (1932-1968) Antonio Salazar
31%
Dictator of Nicaragua (1979-1990; 2007-) Daniel Ortega
31%
Chancellor of FRG (1949-1963) Konrad Adenauer
31%
Prime Minister of Singapore (1959-1990) Lee Kuan Yew
31%
Dictator of Romania (1965-1989) Nicolae Ceausescu
31%
Dictator of the Dominican Republic (1930-1961) Rafael Trujillo
31%
German and American scientist; constructor of rockets and bombs, Father of American space program Wernher von Braun
29%
American communist; convicted of spying for USSR Ethel Rosenberg
27%
First President of Kenya (1964-1978) Jomo Kenyatta
27%
American communist; convicted of spying for USSR Julius Rosenberg
27%
General Secretary of USSR (1984-1985) Konstantin Chernenko
27%
Minister of Foreign Affairs (1939-1949), Permanent Representative to the IAEA (1960-1963) Vyacheslav Molotov
27%
First Secretary of GDR (1950-1971) Walter Ulbricht
27%
First Secretary of Czechoslovakia (1968-1969); opportunist Alexander Dubček
24%
First Secretary of GDR (1971-1989) Erich Honecker
24%
President of Ghana (1960-1966) Kwame Nkrumah
24%
First Prime Minister of Congo (1960) Patrice Lumumba
24%
President of Burkina Faso (1983-1987) Thomas Sankara
24%
Prime Minister of Dominica; "Iron Lady of the Caribbean" Eugenia Charles
22%
Prime Minister of the U. K (1957-1963 Harold Macmillan
22%
Prime Minister of the U. K. (1964-1970; 1974-1976) Harold Wilson
22%
First President of South Korea (1948-1960) Syngman Rhee
22%
Dictator of Ethiopia (1974-1991); head of the Derg, communist Mengistu Haile Mariam
20%
Military; leader and dictator of Poland (1981-1990) Wojcech Jaruzelski
20%
American pilot; CIA spy who was shot down by USSR Francis Powers
18%
President of France (1974-1981) Valery Giscard d'Estaing
18%
Political and human rights activist; the Communist Party member Angela Davis
14%
Christian leader, evangelist; Southern Baptist Minister Billy Graham
14%
Revolutionary, communist; co-founder of Black Panthers Movement Huey Newton
14%
General Secretary of Bulgaria (1954-1991) Todor Zhivkov
14%
Dissident, writer of 'GULAG Archipelago' Alexandr Solzhenitsyn
12%
Minister of Foreign Affairs (1957-1985) Andrei Gromyko
12%
Soviet dissident; invented the hydrogen bomb Andrei Sakharov
12%
General Secretary of Hungary (1956-1989) János Kádár
12%
Prime Minister (1950-1956) and President (1956-1982) of Finland; OSCE Urho Kekkonen
12%
President of Angola (1975-1979); fighter for independence of Angola Agostinho Neto
10%
Prime Minister of Australia (1983-1991) Bob Hawke
10%
Schoolgirl, goodwill ambassador, visited USSR and met General Secretary Samantha Smith
10%
President of Czechoslovakia (1975-1989) Gustáv Husák
8%
Soviet politician; Head of the Soviet atomic program Lavrentiy Beria
8%
President of GDR (1949-1960) Wilhelm Pieck
8%
Minister of Foreign Affairs of the USSR (1985-1990) Eduard Shevardnadze
6%
Dictator of Hungary (1949-1956) Mátyás Rákosi
6%
President of Afghanistan (1987-1992) Mohammad Najibullah
6%
Prime Minister of France (1947-1948), Minister of Foreign Affairs (1948-1952) Robert Schuman
6%
Rocket scientist; head constructor of OKB-1 Sergei Korolev
4%
Prime Minister of Japan (1946-1947; 1948-1954) Shigeru Yoshida
4%
Soviet Spy, was known "Gordon Lonsdale" Konon Molody
2%
Minister of Foreign affairs of Ireland (1949-1951); Nobel laureate, member of Amnesty International Sean McBride
2%
Minister of Foreign Affairs of Hungary (1989-1990); Raised the Iron Curtain Gyula Horn
0%
Military; co-founder of CIA; Chief of Staff of U. S. Forces in South Korea John Singlaub
0%
No matching quizzes found
Score Distribution
Percent of People with Each Score
Percentile by Number Answered
Your Score History
You have not taken this quiz